| Tag |
First Indicator |
Second Indicator |
Subfields |
| LEADER |
00000cam a2200000Mi 4500 |
| 001 |
in00003937821 |
| 006 |
m o d |
| 007 |
cr |n|---||||| |
| 008 |
170624s2017 inu ob 001 0 eng d |
| 005 |
20250816210123.4 |
| 020 |
|
|
|a 9781942496564
|q electronic bk.
|
| 020 |
|
|
|a 1942496567
|
| 024 |
8 |
|
|a 40027696704
|
| 035 |
|
|
|a (NhCcYBP)ebc4878174
|
| 040 |
|
|
|a NhCcYBP
|c NhCcYBP
|d UtOrBLW
|
| 050 |
|
4 |
|a LB2822.82
|b .F85 2017
|
| 082 |
0 |
4 |
|a 371.2/07
|2 23
|
| 100 |
1 |
|
|a Fullan, Michael,
|e author.
|0 http://id.loc.gov/authorities/names/n81140058
|
| 245 |
1 |
4 |
|a The power of unstoppable momentum :
|b key drivers to revolutionize your district /
|c Michael Fullan, Mark A. Edwards.
|
| 264 |
|
1 |
|a Bloomington, IN :
|b Solution Tree Press,
|c [2017]
|
| 300 |
|
|
|a 1 online resource.
|
| 336 |
|
|
|a text
|b txt
|2 rdacontent
|
| 337 |
|
|
|a computer
|b c
|2 rdamedia
|
| 338 |
|
|
|a online resource
|b cr
|2 rdacarrier
|
| 504 |
|
|
|a Includes bibliographical references and index.
|
| 588 |
|
|
|a Description based on online resource; title from digital title page (viewed on Dec. 6, 2017).
|
| 500 |
|
|
|a Electronic resource.
|
| 650 |
|
0 |
|a School improvement programs
|z United States.
|0 http://id.loc.gov/authorities/subjects/sh2008111248
|
| 650 |
|
0 |
|a School districts
|z United States.
|
| 650 |
|
0 |
|a School management and organization
|z United States.
|0 http://id.loc.gov/authorities/subjects/sh2008111250
|
| 650 |
|
0 |
|a School superintendents
|z United States.
|0 http://id.loc.gov/authorities/subjects/sh87003889
|
| 650 |
|
0 |
|a Educational technology
|z United States.
|0 http://id.loc.gov/authorities/subjects/sh2009101971
|
| 655 |
|
7 |
|a Electronic books.
|2 local
|
| 700 |
1 |
|
|a Edwards, Mark A.,
|e author.
|0 http://id.loc.gov/authorities/names/nb98032590
|
| 710 |
2 |
|
|a ProQuest (Firm)
|0 http://id.loc.gov/authorities/names/n2007068018
|
| 776 |
1 |
8 |
|i Print version:
|a Fullan, Michael.
|t Power of Unstoppable Momentum : Key Drivers to Revolutionize Your District.
|d Bloomington, Indiana : Solution Tree, ©2017
|z 9781942496557
|
| 856 |
4 |
0 |
|u https://ebookcentral.proquest.com/lib/tamucs/detail.action?docID=4878174
|y Connect to the full text of this electronic book
|t 0
|
| 955 |
|
|
|a YBP purchased approval e-records
|
| 980 |
|
|
|b 37.43
|g 1
|
| 987 |
|
|
|a ybp14592906
|
| 999 |
f |
f |
|s 5b16a2cb-7d86-399c-9e6e-3c2538f0ee4d
|i f07f5f1d-a8de-332a-91c2-98dab70cd5dc
|t 0
|
| 952 |
f |
f |
|a Texas A&M University
|b College Station
|c Electronic Resources
|d Available Online
|t 0
|e LB2822.82 .F85 2017
|h Library of Congress classification
|
| 998 |
f |
f |
|a LB2822.82 .F85 2017
|t 0
|l Available Online
|